00484nam a2200145Ia 4500008004100000041000800041082001600049100002100065245004300086260002700129300003200156365001100188999001700199952012200216240624s9999 xx 000 0 und d aeng a006.312 MAT aMATIGNON RANDALL aDATA MINING USING SAS ENTERPRISE MINER c2013aNew DelhibWiley axiii, : 563 : p. : cm. ; 26 cRSb33 c25580d25580 00104070aIMTNbIMTNcRack 3-Bd2015-11-23eVBCg819.00o006.312 MATp25580r2024-06-24 00:00:00t1w2024-06-24yBK